Rent review - valuing the incomparable (Record no. 98049)

MARC details
000 -LEADER
fixed length control field 00457cam a2200193 4500
001 - CONTROL NUMBER
control field D10224
008 - FIXED-LENGTH DATA ELEMENTS--GENERAL INFORMATION
fixed length control field 090401t1979 xxu||||| |||| 00| 0 eng d
035 ## - SYSTEM CONTROL NUMBER
System control number (Sirsi) u94468
041 ## - LANGUAGE CODE
Language code of text/sound track or separate title eng
050 ## - LIBRARY OF CONGRESS CALL NUMBER
Classification number 346.4104346
100 ## - MAIN ENTRY--PERSONAL NAME
Personal name Bernstein, Ronald
245 ## - TITLE STATEMENT
Title Rent review - valuing the incomparable
260 ## - PUBLICATION, DISTRIBUTION, ETC.
Date of publication, distribution, etc. 1979
350 ## - PRICE (NR) (BK AM CF MU VM SE) [OBSOLETE]
Price 0
520 ## - SUMMARY, ETC.
Summary, etc. In Blundell Memorial Lectures 1979
700 ## - ADDED ENTRY--PERSONAL NAME
Personal name Hill, J.C.
942 ## - ADDED ENTRY ELEMENTS (KOHA)
Suppress in OPAC 0
948 ## - LOCAL PROCESSING INFORMATION (OCLC); SERIES PART DESIGNATOR (RLIN)
c (OCLC) 04/03/1997
Holdings
Withdrawn status Lost status Source of classification or shelving scheme Damaged status Not for loan Home library Current library Shelving location Date acquired Total Checkouts Full call number Barcode Date last seen Copy number Price effective from Koha item type
    Other/Generic Classification Scheme     London London Basement 16/06/2000   IN BLUNDELL MEMORIAL LECTURES 1979 94468-1001 06/08/2019 1 06/08/2019 Reference material